| 000 | 01497cam a22003738a 4500 | ||
|---|---|---|---|
| 001 | 15170823 | ||
| 003 | EG-ScBUE | ||
| 005 | 20220918100751.0 | ||
| 008 | 080206t2008 nyua f 001 0 eng d | ||
| 020 | _a9780071544115 (alk. paper) | ||
| 020 | _a0071544119 | ||
| 040 |
_aDLC _beng _erda _cDLC _dDLC _dEG-ScBUE |
||
| 082 | 0 | 4 |
_a720.47 _bEME _222 |
| 245 | 0 | 0 |
_aEmerald architecture : _bcase studies in green building / _cGreen source, the magazine of sustainable design. |
| 264 | 1 |
_aNew York : _bMcGraw-Hill, _c[2008] |
|
| 264 | 4 | _cc2008 | |
| 300 |
_aix, 166 pages : _bcolor illustrations, _c32 cm |
||
| 336 |
_2rdacontent _atext _btxt |
||
| 337 |
_2rdamedia _aunmediated _bn |
||
| 338 |
_2rdacarrier _avolume _bnc |
||
| 500 | _aIncludes index. | ||
| 650 | 7 |
_aSustainable buildings _xDesign and construction _vCase studies. _95213 _2BUEsh |
|
| 650 | 7 |
_aSustainable architecture _vCase studies. _95214 _2BUEsh |
|
| 650 | 7 |
_aSustainable buildings _vPictorial works. _95215 _2BUEsh |
|
| 651 | _2BUEsh | ||
| 653 | _bENGARC | ||
| 655 |
_vReading book _934232 |
||
| 730 | 0 |
_aGreenSource. _95216 |
|
| 856 | 4 | 2 |
_3Contributor biographical information _uhttp://www.loc.gov/catdir/enhancements/fy0810/2008005557-b.html |
| 856 | 4 | 2 |
_3Publisher description _uhttp://www.loc.gov/catdir/enhancements/fy0810/2008005557-d.html |
| 856 | 4 | 1 |
_3Table of contents only _uhttp://www.loc.gov/catdir/enhancements/fy0810/2008005557-t.html |
| 942 |
_2ddc _cBB |
||
| 999 |
_c11627 _d11627 |
||